00454nam a2200205Ia 4500003000400000005001700004008004100021020001800062040000700080041000800087082001600095100001800111245001700129250000600146260003800152300001800190365001300208650001900221650000800240OSt20230411113132.0210423s2009 xx 000 0 und d a9780761935896 cAL aeng a346.07 TULP aTULSIAN (P C) aBusiness law a2 aNew DelhibTata McGraw-hillc2009 axvii,1.21bPB b299cINR aCommercial Law aLaw